00613nam a2200181Ia 4500952014300000999001500143003000400158005001700162008004100179020001500220040000900235082001800244100002300262245006200285260003300347300000900380942004200389 00102ddc40708COMPUTER SCIENCEaMESbMEScCOMPd2019-02-20g350.00l0o005.74 LEO/Dp26978r2019-02-20 00:00:00w2019-02-20yBKzGL32R3 c6222d6222OSt20200122124807.0190216s9999||||xx |||||||||||||| ||und|| a8125911650 coclc a005.74bLEO/D1 aLeon, Alexis91194 0aDatabase Management Systems /cAlexis Leon ; Mathews Leon bLeon Vikas,c2002.aChennai: a988p cBK2ddch005.74iLEO/Dk005.74mLEO/D